000 00447nam a2200181Ia 4500
003 GCL
008 140319s9999 xx 000 0 eng d
040 _aGCL /
_cGCL
082 0 4 _aCH
_b843
_bF C
100 1 _aFEVAL, PAUL
245 1 0 _aLE CHEVATIER DE LAGARDERE /
_cFEVAL, PAUL
260 _a[S.N] :
_bHEMMA
300 _a156 P
650 0 4 _aENGLISH LITERATURE
650 0 4 _aENGLISH FICTION
650 0 4 _aCHILDREN - FICTION
942 _2ddc
_cBK
999 _c14614
_d14614